Guillaume de Greef, une grande figure d'hier. (Record no. 6679)
[ view plain ]
| 000 -LEADER | |
|---|---|
| fixed length control field | 00639cam a22002291 4500 |
| 001 - CONTROL NUMBER | |
| control field | af 49000640 |
| 003 - CONTROL NUMBER IDENTIFIER | |
| control field | DLC |
| 005 - DATE AND TIME OF LATEST TRANSACTION | |
| control field | 20260227110916.0 |
| 008 - FIXED-LENGTH DATA ELEMENTS--GENERAL INFORMATION | |
| fixed length control field | 921203s1945 be 000 0 fre c |
| 010 ## - LIBRARY OF CONGRESS CONTROL NUMBER | |
| LC control number | af 49000640 |
| 035 ## - SYSTEM CONTROL NUMBER | |
| System control number | (OCoLC)27059217 |
| 040 ## - CATALOGING SOURCE | |
| Original cataloging agency | Minnesota. Univ. Lib. |
| Transcribing agency | CU |
| Modifying agency | DLC |
| 042 ## - AUTHENTICATION CODE | |
| Authentication code | premarc |
| 050 00 - LIBRARY OF CONGRESS CALL NUMBER | |
| Classification number | H59.G8 |
| Item number | G5 |
| 100 1# - MAIN ENTRY--PERSONAL NAME | |
| Personal name | Gille, Paul. |
| 245 00 - TITLE STATEMENT | |
| Title | Guillaume de Greef, une grande figure d'hier. |
| 260 ## - PUBLICATION, DISTRIBUTION, ETC. | |
| Place of publication, distribution, etc. | [Charleroi, |
| Name of publisher, distributor, etc. | Héraly, |
| Date of publication, distribution, etc. | 1945] |
| 300 ## - PHYSICAL DESCRIPTION | |
| Extent | xvi, 41 p. |
| Dimensions | 19 cm. |
| 440 #3 - SERIES STATEMENT/ADDED ENTRY--TITLE | |
| Title | Le Panthéon national, |
| Volume/sequential designation | 1 |
| 600 10 - SUBJECT ADDED ENTRY--PERSONAL NAME | |
| Personal name | Greef, Guillaume de, |
| Dates associated with a name | 1842-1924. |
| 740 0# - ADDED ENTRY--UNCONTROLLED RELATED/ANALYTICAL TITLE | |
| Uncontrolled related/analytical title | Une grande figure d'hier. |
No items available.